000 01286nam a22003971i 4500
999 _c718
_d718
001 020330561
003 UkOxU
005 20191205123600.0
008 150211r20152014enka j 000|0|eng|d
015 _aGBB544349
_2bnb
016 7 _a017153159
_2Uk
020 _a9780099596387 (pbk.) :
035 _a(Uk)017153159
040 _aStDuBDS
_beng
_erda
_cStDuBDS
_dUk
042 _aukblsr
082 _aFIC PAT
100 1 _aPatterson, James,
_d1947-
_eauthor.
245 1 0 _aUltimate showdown /
_cJames Patterson and Julia Bergen ; illustrated by Alec Longstreth.
264 1 _aLondon :
_bYoung Arrow,
_c2015.
300 _a232 pages :
_billustrations ;
_c20 cm.
336 _atext
_2rdacontent
336 _astill image
_2rdacontent
337 _aunmediated
_2rdamedia
338 _avolume
_2rdacarrier
440 _nBook 5
490 0 _aMiddle school series
500 _aOriginally published: 2014.
500 _aIncludes blank sections to be filled in by the reader.
500 _aFormerly CIP.
_5Uk
650 0 _aKhatchadorian, Rafe (Fictitious character)
_vJuvenile literature.
700 1 _aBergen, Julia,
_eauthor.
700 1 _aLongstreth, Alec,
_eillustrator.
942 _2ddc
_cFIC